| 000 | 01061nam0a22003011 4500 | ||
|---|---|---|---|
| 001 | rc\4522285 | ||
| 005 | 20250612105923.0 | ||
| 021 |
_aRU _b[62-52016] |
||
| 035 | _a(NLR Aleph) 008626007 | ||
| 090 |
_a8853052 _c8853052 |
||
| 100 | _a20130416d1962 |||y0rusy50 ca | ||
| 101 | 0 | _arus | |
| 102 | _aRU | ||
| 105 | _aa z ||||| | ||
| 200 | 1 |
_aМастер - организатор производства _f[Лит. запись И.В. Горбатовского] |
|
| 210 |
_aНовосибирск _cКн. изд-во _d1962 |
||
| 215 |
_a31 с. _cил. _d20 |
||
| 300 | _aАвтор - мастер заготовит.-сборочного цеха Новосиб. завода строит. машин | ||
| 606 | 1 |
_aСтроительное машиностроение _91154906 _3RU\NLR\AUTH\66461395 |
|
| 686 | 1 | _aК731 | |
| 700 | 1 |
_aКитиков _bИ.И. |
|
| 702 | 1 |
_aГорбатовский _bИ.В. _4570 |
|
| 801 | 0 |
_aRU _bNLR _gpsbo |
|
| 801 | 1 |
_aRU _bELAR _2rusmarc |
|
| 852 |
_aNLR _j62-4/12066 |
||
| 942 | _cBOOK | ||
| 980 | _aNB | ||